| 000 | 00552nam a22001817a 4500 | ||
|---|---|---|---|
| 003 | OSt | ||
| 008 | 250916b |||||||| |||| 00| 0 eng d | ||
| 020 | _a9 789364 449366 | ||
| 041 | _aeng | ||
| 082 |
_a658.0076 _bSHA/CO |
||
| 100 |
_aSharma, Arun _95454 |
||
| 245 |
_aCourseware on Verbal Ability & Reading Comprehension for CAT: _bCommon Admission Test & Other Management Examination |
||
| 250 | _a1st Reprint | ||
| 260 |
_aChennai: _bMcGraw Hill Education Pvt Ltd, _c2025. |
||
| 300 | _a818p. | ||
| 700 |
_aUpadhyay, Meenakshi _97840 |
||
| 942 | _cBK | ||
| 999 |
_c19520 _d19520 |
||